000 00734cam a2200253 4500500
005 20260405002926.0
041 _afre
042 _adc
100 1 0 _aLacroix, Alexandre
_eauthor
245 0 0 _aClaude Romano: “Je me demande comment exister de manière juste”
260 _c2019.
500 _a67
690 _aCastiglione
690 _aClaude Romano
690 _aEmerson
690 _aExistentialisme
690 _aRousseau
690 _aSarte
690 _aSoi
690 _aSoi-même
690 _aStoïciens
786 0 _nPhilosophie magazine | 131 | 7 | 2019-07-01 | p. 23-25 | 1951-1787
856 4 1 _uhttps://shs.cairn.info/magazine-philosophie-magazine-2019-7-page-23?lang=fr&redirect-ssocas=7080
999 _c2062569
_d2062569